Statistics for Singapore groups of things

Click here to take the quiz!

General Stats

  • This quiz has been taken 115 times
    (107 since last reset)
  • The average score is 12 of 38

Answer Stats

HintAnswer% Correct
Largest 5 islandsSentosa
77%
Parties who have held parliament seatsPeople's Action Party
74%
Largest 5 islandsPulau Ubin
73%
Parties who have held parliament seatsWorker's Party
69%
Foreign rulersBritish Empire
65%
Foreign rulersMalaysia
62%
Largest 5 islandsPulau Tekong
62%
Foreign rulersEmpire of Japan
58%
Largest 5 islandsJurong Island
54%
1st 5 reservoirs constructedMacRitchie Reservoir
54%
Parties who have held parliament seatsSingapore Democratic Party
49%
Extremal points on main islandChangi
48%
Extremal points on main islandTuas
43%
1st 5 reservoirs constructedUpper Seletar Reservoir
42%
Administrative divisionsCentral
30%
4-member GRCs in the 2015 General ElectionEast Coast
25%
Extremal points on main islandHarbourFront
25%
Administrative divisionsNorth East
25%
Administrative divisionsNorth West
25%
Extremal points on main islandSembawang Coast
25%
4-member GRCs in the 2015 General ElectionWest Coast
25%
Largest 5 islandsPulau Ujong
23%
Administrative divisionsSouth East
23%
Administrative divisionsSouth West
23%
1st 5 reservoirs constructedLower Peirce Reservoir
21%
Parties who have held parliament seatsSingapore People's Party
21%
Extremal points on main islandBukit Timah
20%
1st 5 reservoirs constructedKranji Reservoir
20%
1st 5 reservoirs constructedUpper Peirce Reservoir
17%
4-member GRCs in the 2015 General ElectionChua Chu Kang
15%
4-member GRCs in the 2015 General ElectionMarsiling-Yew Tee
13%
4-member GRCs in the 2015 General ElectionHolland-Bukit Timah
12%
4-member GRCs in the 2015 General ElectionJalan Besar
10%
GovernorsWilliam Goode
6%
GovernorsSir Franklin Charles Gimson
4%
GovernorsSir John Fearns Nicoll
4%
GovernorsSir Robert Brown Black
4%
GovernorsWilfred Lawson Blythe
4%

Score Distribution

Percentile by Number Answered

Percent of People with Each Score

Your Score History

You have not taken this quiz since the last reset